Zawodnicy PTG Sokoła Łańcut [2022/2023] i ich średnie punktowe - Statystyki

Ogólne statystyki
  • Ten quiz został rozwiązany 3 razy
  • Średni wynik to 8 z 15
Statystyki odpowiedzi
Śred. Pkt Odpowiedź % Poprawnych
10.7 Adam Kemp
100%
13.1 James Eads
100%
2.2 Mateusz Brek
100%
17.7 Corey Sanders
67%
14.7 Delano Spencer
67%
5.5 Mateusz Szczypiński
67%
0 Mikołaj Płowy
67%
5.6 Filip Struski
33%
0 Kacper Balawender
33%
3 Marcin Nowakowski
33%
5.1 Michał Kołodziej
33%
1.9 Przemysław Wrona
33%
5.8 Quinterian McConico
33%
11.2 Raynere Thorton
33%
0 Filip Materna
0%
Nie znaleziono quizów pasujących do podanych kryteriów
Rozkład punktacji
Procent ludzi z każdym wynikiem
Percentyl według liczby udzielonych odpowiedzi
Twoja historia wyników
Nie rozwiązałeś tego quizu